[Event "Nogent le Retrou op"]
[Site "Nogent le Retrou "]
[Date "2005.03.26"]
[Round "2"]
[White "Millet Lacombe, Pierre Jean"]
[Black "Vallee, Michel"]
[Result "1-0"]
[WhiteElo "1880"]
[BlackElo "1720"]
[PlyCount "78"]
[EventDate "2005.03.25"]
[EventType "swiss"]
[EventRounds "9"]
[EventCountry "FRA"]
[SourceTitle "EXT 2007"]
[Source "ChessBase"]
[SourceDate "2006.11.23"]
[SourceVersion "1"]
[SourceVersionDate "2006.11.23"]
[SourceQuality "1"]

1. e4 e6 2. d4 d5 3. Nd2 Nf6 4. e5 Nfd7 5. Bd3 c5 6. c3 Nc6 7. Ne2 cxd4 8. cxd4 f6 9. exf6 Nxf6 10. Nf3 Bd6 11. 0-0 0-0 12. Bf4 Bxf4 13. Nxf4 Ne4 14. Nh5 Qb6 15. Bc2 Qxb2 16. Rb1 Qxa2 17. Ne5 Nxd4 18. Bxe4 Ne2+ 19. Kh1 dxe4 20. Rc1 Qd5 21. Qxe2 Qxe5 22. f4 Qf5 23. g4 Qg6 24. Qb2 Rf7 25. Rfd1 Bd7 26. Qxb7 Re8 27. Rxd7 Qxg4 28. Rc8 Qf3+ 29. Kg1 Qe3+ 30. Kg2 Qe2+ 31. Kg1 Qe1+ 32. Kg2 Qe2+ 33. Kh1 Qf3+ 34. Kg1 Qg4+ 35. Ng3 Rxf4 36. Rxe8+ Rf8 37. Rxf8+ Kxf8 38. Qxe4 Qxe4 39. Nxe4 h6 1-0